OM - Compositions des Finales LDC 1991/1993 - Statistiques

Statistiques générales
  • Ce quiz a été pris 245 fois
  • Le résultat moyen est 13 sur 24
Statistiques - réponses
Poste Joueur % Correct
Gardien Fabien Barthez
91%
Défenseur Basile Boli
87%
Défenseur Basile Boli
87%
Adversaire AC Milan
86%
Milieu Didier Deschamps
85%
Attaquant Jean-Pierre Papin
85%
Adversaire Étoile Rouge de Belgrade
71%
Attaquant Abedi Pelé
66%
Attaquant Abedi Pelé
66%
Défenseur Éric Di Meco
63%
Défenseur Éric Di Meco
63%
Défenseur Marcel Desailly
63%
Attaquant Rudi Völler
61%
Attaquant Chris Waddle
49%
Milieu Franck Sauzée
40%
Gardien Pascal Olmeta
40%
Défenseur Manuel Amoros
33%
Défenseur Carlos Mozer
32%
Attaquant Alen Bokšić
28%
Défenseur Jocelyn Angloma
26%
Milieu Jean-Jacques Eydelie
20%
Défenseur Bernard Casoni
12%
Milieu Bruno Germain
12%
Milieu Laurent Fournier
7%
Aucun quiz correspondant
Distribution des résultats
% des personnes avec chaque résultat
Percentile par nombre de réponses
Votre historique - résultats
Vous n’avez pas pris ce quiz